Report by the Comptroller and Auditor General (Record no. 92815)

MARC details
000 -LEADER
fixed length control field 01184cam a2200253 4500
008 - FIXED-LENGTH DATA ELEMENTS--GENERAL INFORMATION
fixed length control field 1992
020 ## - INTERNATIONAL STANDARD BOOK NUMBER
International Standard Book Number 0102132933
035 ## - SYSTEM CONTROL NUMBER
System control number (Sirsi) u51094
041 ## - LANGUAGE CODE
Language code of text/sound track or separate title eng
050 ## - LIBRARY OF CONGRESS CALL NUMBER
Classification number 690.241
110 ## - MAIN ENTRY--CORPORATE NAME
Corporate name or jurisdiction name as entry element United Kingdom
Subordinate unit National Audit Office
9 (RLIN) 1350
245 ## - TITLE STATEMENT
Title Report by the Comptroller and Auditor General
Remainder of title protecting and managing England's heritage property
Medium [electronic resource]
260 ## - PUBLICATION, DISTRIBUTION, ETC.
Place of publication, distribution, etc. London
Name of publisher, distributor, etc. HMSO
Date of publication, distribution, etc. 1992
300 ## - PHYSICAL DESCRIPTION
Extent 55p. : ill. ; 30cm.
350 ## - PRICE (NR) (BK AM CF MU VM SE) [OBSOLETE]
Price 8.75
490 ## - SERIES STATEMENT
Series statement HCP
Volume/sequential designation 132
520 ## - SUMMARY, ETC.
Summary, etc. Report deals with the results of a National Audit Office examination of the arrangements for identifying, recording and protecting properties and for controlling grants and other assistance. Also looks at the maintenance and management of properties in government care and their marketing and presentation to the public. National Audit Act 1983.
650 ## - SUBJECT ADDED ENTRY--TOPICAL TERM
Topical term or geographic name entry element ENGLISH HERITAGE
650 ## - SUBJECT ADDED ENTRY--TOPICAL TERM
Topical term or geographic name entry element HISTORIC BUILDINGS
651 #4 - SUBJECT ADDED ENTRY--GEOGRAPHIC NAME
Geographic name England 886-
690 ## - LOCAL SUBJECT ADDED ENTRY--TOPICAL TERM (OCLC, RLIN)
Topical term or geographic name as entry element CONSERVATION
856 40 - ELECTRONIC LOCATION AND ACCESS
Uniform Resource Identifier <a href="https://www.official-documents.gov.uk/document/hc9293/hc01/0132/0132.pdf">https://www.official-documents.gov.uk/document/hc9293/hc01/0132/0132.pdf</a>
Public note View this item free of charge at www.official-documents.gov.uk
942 ## - ADDED ENTRY ELEMENTS (KOHA)
Suppress in OPAC 0
Holdings
Withdrawn status Lost status Source of classification or shelving scheme Damaged status Not for loan Home library Current library Shelving location Date acquired Cost, normal purchase price Total Checkouts Full call number Barcode Date last seen Date last checked out Copy number Cost, replacement price Price effective from Koha item type
    Dewey Decimal Classification     Virtual Virtual Online 01/09/1992 8.75 4 F690.241 51094-2001 06/08/2019 03/02/2004 1 8.75 06/08/2019 Book